01331nam a22003257a 4500003000400000005001700004008004100021040002200062082001500084100003700099245006300136260010000199300001900299490002400318505001800342505002900360505005500389505004300444505003100487505006100518505001900579505006800598505008100666505002700747505003700774505006700811650004500878650005700923651002500980OSt20230712103146.0221006b |||||||| |||| 00| 0 eng d cBiblioteca Lado V a905bT693r aTorres, Maria Dolores G.eeditor aRevista de Historia/bArte en Nicaragua y Centroamérica/ c2004bUniversidad CentroamericanabInstituto de historia de Nicaragua y CentroaméricaaMadrid c21x27cma142p. v2004a17x1017-4680 aIntroduccion  aArte en Centroamérica  aExpresiones de la cultura artística de Nicaragua aDavid Ocon y la estética postmoderna aEl descenso del paraíso  aBernard Dreyfus y el color como expresión e identidad  aLeonel Vanegas aCambios estéticos en la pintura actual de Alejandro Arostegui aLa escultura de Ernesto Cardenal como espejo de la vida y nostalgia de Dios  aLa Catedral de Managua aExtracto de carta a Ena Gordillo aArte Nicaraguense gHabitart Hacia un cocepto amplio del arte 2Tesauro de Arte & ArquitecturaaHISTORIA 2Tesauro de Arte & ArquitecturaaARTE NICARAGÜENSE  2ARTE CENTROAMERICANO